Smart Surfaces : (Record no. 13888)
[ view plain ]
| 000 -LEADER | |
|---|---|
| fixed length control field | 01168cam a22002895a 4500 |
| 001 - CONTROL NUMBER | |
| control field | 15667667 |
| 005 - DATE AND TIME OF LATEST TRANSACTION | |
| control field | 20090902115400.0 |
| 008 - FIXED-LENGTH DATA ELEMENTS--GENERAL INFORMATION | |
| fixed length control field | 090320s2009 msu 000 0 eng |
| 010 ## - LIBRARY OF CONGRESS CONTROL NUMBER | |
| LC control number | 2009925058 |
| 020 ## - INTERNATIONAL STANDARD BOOK NUMBER | |
| International Standard Book Number | 9783764388126 |
| 040 ## - CATALOGING SOURCE | |
| Original cataloging agency | DLC |
| Transcribing agency | DLC |
| 082 ## - DEWEY DECIMAL CLASSIFICATION NUMBER | |
| Edition number | 21 |
| Classification number | 620.44 |
| Item number | BOE |
| 100 1# - MAIN ENTRY--PERSONAL NAME | |
| Personal name | Boeing, Niels |
| 9 (RLIN) | 13536 |
| 245 00 - TITLE STATEMENT | |
| Title | Smart Surfaces : |
| Statement of responsibility, etc | Niels Boeing, Simon Davis, Almut Seeger; Edited by Thorsten Klooster. |
| Remainder of title | And their Application in Architecture and Design / |
| 260 ## - PUBLICATION, DISTRIBUTION, ETC. (IMPRINT) | |
| Place of publication, distribution, etc | Boston, MS : |
| Name of publisher, distributor, etc | Birkhauser Publishers, |
| Date of publication, distribution, etc | c2009. |
| 263 ## - PROJECTED PUBLICATION DATE | |
| Projected publication date | 0906 |
| 300 ## - PHYSICAL DESCRIPTION | |
| Extent | 184 p. : |
| Other physical details | col. ill.; |
| Dimensions | 24 cm. |
| 504 ## - BIBLIOGRAPHY, ETC. NOTE | |
| Bibliography, etc | Includes bibliographical references and index. |
| 650 #0 - SUBJECT ADDED ENTRY--TOPICAL TERM | |
| Topical term or geographic name as entry element | Surfaces (Technology) |
| General subdivision | Analysis. |
| 9 (RLIN) | 13537 |
| 650 #0 - SUBJECT ADDED ENTRY--TOPICAL TERM | |
| Topical term or geographic name as entry element | Nanotechnology |
| General subdivision | methods. |
| 9 (RLIN) | 13538 |
| 650 #0 - SUBJECT ADDED ENTRY--TOPICAL TERM | |
| Topical term or geographic name as entry element | Equipment Design. |
| 9 (RLIN) | 13539 |
| 700 1# - ADDED ENTRY--PERSONAL NAME | |
| Personal name | Davis,Simon |
| 9 (RLIN) | 13540 |
| 700 1# - ADDED ENTRY--PERSONAL NAME | |
| Personal name | Seeger, Almut |
| 9 (RLIN) | 13541 |
| 942 ## - ADDED ENTRY ELEMENTS (KOHA) | |
| Source of classification or shelving scheme | Dewey Decimal Classification |
| Item type | Book - Borrowing |
| Withdrawn status | Item status | Source of classification or shelving scheme | Damaged status | Not for loan | Vendor | Home library | Current library | Shelving location | Date acquired | Source of acquisition | Cost, normal purchase price | Serial Enumeration / chronology | Total Checkouts | Total Renewals | Full call number | Barcode | Date last seen | Date last borrowed | Koha item type |
|---|---|---|---|---|---|---|---|---|---|---|---|---|---|---|---|---|---|---|---|
| Dewey Decimal Classification | Alahram | Central Library | Central Library | First floor | 14/04/2010 | 326.50 | 32 | 2 | 4 | 620.44 BOE | 000020619 | 15/07/2025 | 21/12/2014 | Book - Borrowing |